Overview of Selected Green Infrastructure Projects of the European Union

Stručné predstavenie európskych projektov na zlepšenie prírodného prostredia a zvýšenie kvality života ľudí.

Guardado en:
Detalles Bibliográficos
Autor principal: Dziura, Boris, 1976-
Otros Autores: Magdich, Alisa
Formato: Capítulo de libro
Lenguaje:inglés
Materias:
Etiquetas: Agregar Etiqueta
Sin Etiquetas, Sea el primero en etiquetar este registro!

MARC

LEADER 00000naa$a2200000$$$4500
001 0271065
005 20240502083819.4
041 0 |a eng 
044 |a UA 
245 1 0 |a Overview of Selected Green Infrastructure Projects of the European Union  |c Boris Dziura, Alisa Magdich 
520 |a Stručné predstavenie európskych projektov na zlepšenie prírodného prostredia a zvýšenie kvality života ľudí. 
610 2 0 |a infraštruktúra zelená 
610 2 0 |a projekty 
610 2 0 |a prostredie životné 
610 2 0 |a ochrana prostredia životného 
610 2 0 |a Európska únia 
100 1 |a Dziura, Boris, 1976- 
700 1 |a Magdich, Alisa